[Event "Villarobledo Online Qualifyer"]
[Site "playchess.com #155672"]
[Date "2009.05.23"]
[Round "4"]
[White "Maguljica"]
[Black "Unicorn"]
[Result "0-1"]
[WhiteElo "2146"]
[BlackElo "2592"]
[PlyCount "84"]
[EventDate "2009.05.23"]
[EventType "swiss (blitz)"]

1. d4 {[%emt 0:00:03]} e6 {[%emt 0:00:02]} 2. c4 {[%emt 0:00:01]} Nf6 {[%emt 0:
00:01]} 3. Nc3 {[%emt 0:00:01]} c5 {[%emt 0:00:04]} 4. d5 {[%emt 0:00:02]} exd5
{[%emt 0:00:00]} 5. cxd5 {[%emt 0:00:00]} d6 {[%emt 0:00:01]} 6. e4 {[%emt 0:
00:01]} g6 {[%emt 0:00:01]} 7. h3 {[%emt 0:00:02]} Bg7 {[%emt 0:00:01]} 8. Nf3
{[%emt 0:00:00]} O-O {[%emt 0:00:01]} 9. Bd3 {[%emt 0:00:01]} b5 {[%emt 0:00:
01]} 10. Nxb5 {[%emt 0:00:04]} Nxe4 {[%emt 0:00:06]} 11. Bxe4 {[%emt 0:00:02]}
Re8 {[%emt 0:00:01]} 12. Ng5 {[%emt 0:00:02]} f5 {[%emt 0:00:35]} 13. O-O {
[%emt 0:00:23]} fxe4 {[%emt 0:00:03]} 14. Nc3 {[%emt 0:00:26]} e3 {[%emt 0:00:
26]} 15. Ne6 {[%emt 0:00:27]} Bxe6 {[%emt 0:00:02]} 16. dxe6 {[%emt 0:00:00]}
exf2+ {[%emt 0:00:04]} 17. Rxf2 {[%emt 0:00:02]} Bd4 {[%emt 0:00:03]} 18. Qf3 {
[%emt 0:00:13]} Bxf2+ {[%emt 0:00:57]} 19. Qxf2 {[%emt 0:00:00]} Rf8 {[%emt 0:
00:03]} 20. Qg3 {[%emt 0:00:11]} Nc6 {[%emt 0:00:05]} 21. Nd5 {[%emt 0:00:18]}
Rf5 {[%emt 0:00:17]} 22. Nf4 {[%emt 0:00:18]} Nd4 {[%emt 0:00:07]} 23. Kh2 {
[%emt 0:00:07]} Qf6 {[%emt 0:00:03]} 24. Be3 {[%emt 0:00:09]} Nc2 {[%emt 0:00:
26]} 25. Re1 {[%emt 0:00:21] .} Nxe3 {[%emt 0:00:02]} 26. Rxe3 {[%emt 0:00:01]}
Rxf4 {[%emt 0:00:02]} 27. e7 {[%emt 0:00:01]} Re8 {[%emt 0:00:01]} 28. Qe1 {
[%emt 0:00:06]} Rf5 {[%emt 0:00:01]} 29. Re6 {[%emt 0:00:01]} Re5 {[%emt 0:00:
04]} 30. Rxf6 {[%emt 0:00:08]} Rxe1 {[%emt 0:00:01]} 31. Rxd6 {[%emt 0:00:01]}
R8xe7 {[%emt 0:00:01]} 32. Rd8+ {[%emt 0:00:02]} Kg7 {[%emt 0:00:01]} 33. Rd5 {
[%emt 0:00:00]} R1e2 {[%emt 0:00:01]} 34. Rxc5 {[%emt 0:00:01]} Rxb2 {[%emt 0:
00:01]} 35. a4 {[%emt 0:00:03]} Ree2 {[%emt 0:00:02]} 36. Rg5 {[%emt 0:00:00]}
Ra2 {[%emt 0:00:02]} 37. a5 {[%emt 0:00:01]} h6 {[%emt 0:00:01]} 38. Rg4 {
[%emt 0:00:01]} Rxa5 {[%emt 0:00:01]} 39. Rb4 {[%emt 0:00:01]} Re7 {[%emt 0:00:
01]} 40. Kg3 {[%emt 0:00:01]} Rd5 {[%emt 0:00:02]} 41. Kh2 {[%emt 0:00:01]} a5
{[%emt 0:00:01]} 42. Ra4 {[%emt 0:00:01]} Ra7 {[%emt 0:00:01] Maguljica resigns
} 0-1

[Event "Villarobledo Online Qualifyer"]
[Site "playchess.com #155672"]
[Date "2009.05.23"]
[Round "4"]
[White "Hauberk"]
[Black "Acedrex"]
[Result "0-1"]
[WhiteElo "2340"]
[BlackElo "1891"]
[PlyCount "104"]
[EventDate "2009.05.23"]
[EventType "swiss (blitz)"]

1. e4 {[%emt 0:00:00]} e6 {[%emt 0:00:01]} 2. d4 {[%emt 0:00:01]} d5 {[%emt 0:
00:01]} 3. Nc3 {[%emt 0:00:00]} Nf6 {[%emt 0:00:01]} 4. e5 {[%emt 0:00:02]}
Nfd7 {[%emt 0:00:01]} 5. Nf3 {[%emt 0:00:01]} c5 {[%emt 0:00:01]} 6. dxc5 {
[%emt 0:00:01]} Nc6 {[%emt 0:00:01]} 7. Bf4 {[%emt 0:00:01]} Nxc5 {[%emt 0:00:
01]} 8. Bd3 {[%emt 0:00:02]} Be7 {[%emt 0:00:05]} 9. h4 {[%emt 0:00:06]} Qb6 {
[%emt 0:00:08]} 10. Rb1 {[%emt 0:00:19]} d4 {[%emt 0:00:13]} 11. Ne4 {[%emt 0:
00:22]} Nxe4 {[%emt 0:00:03]} 12. Bxe4 {[%emt 0:00:01]} Qa5+ {[%emt 0:00:02]}
13. Bd2 {[%emt 0:00:14]} Qxa2 {[%emt 0:00:04]} 14. O-O {[%emt 0:00:04]} Bd7 {
[%emt 0:00:02]} 15. b4 {[%emt 0:00:06]} a6 {[%emt 0:00:07]} 16. Qe2 {[%emt 0:
00:13]} b5 {[%emt 0:00:17]} 17. Ra1 {[%emt 0:00:13]} Qc4 {[%emt 0:00:03]} 18.
Qxc4 {[%emt 0:00:02]} bxc4 {[%emt 0:00:01]} 19. Nxd4 {[%emt 0:00:01]} Rc8 {
[%emt 0:00:10]} 20. Bxc6 {[%emt 0:00:09]} Bxc6 {[%emt 0:00:01]} 21. Rxa6 {
[%emt 0:00:01]} Bd5 {[%emt 0:00:01]} 22. Bc3 {[%emt 0:00:23]} O-O {[%emt 0:00:
02]} 23. h5 {[%emt 0:00:03]} Rb8 {[%emt 0:00:05]} 24. b5 {[%emt 0:00:02]} Bc5 {
[%emt 0:00:01]} 25. Rb1 {[%emt 0:00:09]} Rb7 {[%emt 0:00:04]} 26. f4 {[%emt 0:
00:21]} Rfb8 {[%emt 0:00:03]} 27. Kh2 {[%emt 0:00:03]} h6 {[%emt 0:00:01]} 28.
g4 {[%emt 0:00:03]} Bxd4 {[%emt 0:00:08]} 29. Bxd4 {[%emt 0:00:01]} Rxb5 {
[%emt 0:00:01]} 30. Rxb5 {[%emt 0:00:01]} Rxb5 {[%emt 0:00:01]} 31. g5 {[%emt
0:00:01]} hxg5 {[%emt 0:00:03]} 32. fxg5 {[%emt 0:00:01]} Be4 {[%emt 0:00:05]}
33. c3 {[%emt 0:00:07]} Rb2+ {[%emt 0:00:02]} 34. Kh3 {[%emt 0:00:01]} Bf5+ {
[%emt 0:00:01]} 35. Kg3 {[%emt 0:00:02]} Rd2 {[%emt 0:00:08]} 36. Ra7 {[%emt 0:
00:02]} Rd3+ {[%emt 0:00:03]} 37. Kf4 {[%emt 0:00:01]} Rh3 {[%emt 0:00:05]} 38.
Rc7 {[%emt 0:00:05]} Rxh5 {[%emt 0:00:02]} 39. Rxc4 {[%emt 0:00:02]} Rh4+ {
[%emt 0:00:03]} 40. Ke3 {[%emt 0:00:01]} Rh3+ {[%emt 0:00:02]} 41. Kf4 {[%emt
0:00:01]} Kh7 {[%emt 0:00:01]} 42. Rc7 {[%emt 0:00:01]} Kg6 {[%emt 0:00:01]}
43. c4 {[%emt 0:00:01]} Rh4+ {[%emt 0:00:03]} 44. Ke3 {[%emt 0:00:01]} Re4+ {
[%emt 0:00:01]} 45. Kd3 {[%emt 0:00:01]} Rxe5+ {[%emt 0:00:03]} 46. Kc3 {[%emt
0:00:01]} Re1 {[%emt 0:00:04]} 47. c5 {[%emt 0:00:02]} e5 {[%emt 0:00:02]} 48.
Bf2 {[%emt 0:00:04]} Re2 {[%emt 0:00:03]} 49. Bg3 {[%emt 0:00:02]} Re3+ {[%emt
0:00:03]} 50. Kc4 {[%emt 0:00:03]} Rxg3 {[%emt 0:00:02]} 51. c6 {[%emt 0:00:01]
} Kxg5 {[%emt 0:00:02]} 52. Rxf7 {[%emt 0:00:02]} Be6+ {[%emt 0:00:01] Time}
0-1

[Event "Villarobledo Online Qualifyer"]
[Site "playchess.com #155672"]
[Date "2009.05.23"]
[Round "4"]
[White "Timeh123"]
[Black "Q2w3e"]
[Result "0-1"]
[WhiteElo "1533"]
[BlackElo "1562"]
[PlyCount "104"]
[EventDate "2009.05.23"]
[EventType "swiss (blitz)"]

1. e4 {[%emt 0:00:00]} c6 {[%emt 0:00:02]} 2. Nf3 {[%emt 0:00:01]} d5 {[%emt 0:
00:01]} 3. exd5 {[%emt 0:00:00]} cxd5 {[%emt 0:00:01]} 4. d4 {[%emt 0:00:00]}
Nc6 {[%emt 0:00:04]} 5. Nc3 {[%emt 0:00:01]} a6 {[%emt 0:00:03]} 6. Bf4 {[%emt
0:00:02]} Nf6 {[%emt 0:00:02]} 7. g3 {[%emt 0:00:04]} Bg4 {[%emt 0:00:20]} 8.
Bg2 {[%emt 0:00:02]} e6 {[%emt 0:00:04]} 9. O-O {[%emt 0:00:02]} Bd6 {[%emt 0:
00:06]} 10. Qd2 {[%emt 0:00:02]} O-O {[%emt 0:00:08]} 11. Ne5 {[%emt 0:00:16]}
Bxe5 {[%emt 0:00:25]} 12. Bxe5 {[%emt 0:00:11]} Nxe5 {[%emt 0:00:20]} 13. dxe5
{[%emt 0:00:02]} Nd7 {[%emt 0:00:05]} 14. f3 {[%emt 0:00:06]} Bf5 {[%emt 0:00:
04]} 15. f4 {[%emt 0:00:02]} h6 {[%emt 0:00:09]} 16. Ne2 {[%emt 0:00:06]} Rc8 {
[%emt 0:00:04]} 17. c3 {[%emt 0:00:02]} b5 {[%emt 0:00:18]} 18. Nd4 {[%emt 0:
00:02]} Qb6 {[%emt 0:00:07]} 19. Kh1 {[%emt 0:00:04]} Bg6 {[%emt 0:00:27]} 20.
Rfe1 {[%emt 0:00:31]} Qb7 {[%emt 0:00:32]} 21. b3 {[%emt 0:00:04]} Nb6 {[%emt
0:00:16]} 22. Rac1 {[%emt 0:00:03]} Rfd8 {[%emt 0:00:02]} 23. Qe2 {[%emt 0:00:
07] .} Qe7 {[%emt 0:00:02]} 24. c4 {[%emt 0:00:03]} bxc4 {[%emt 0:00:02]} 25.
bxc4 {[%emt 0:00:01]} Qc5 {[%emt 0:00:03]} 26. Nb3 {[%emt 0:00:05]} Qc7 {[%emt
0:00:03]} 27. cxd5 {[%emt 0:00:02]} Qb7 {[%emt 0:00:02]} 28. dxe6 {[%emt 0:00:
02]} Qe7 {[%emt 0:00:01]} 29. exf7+ {[%emt 0:00:03]} Bxf7 {[%emt 0:00:00]} 30.
Qxa6 {[%emt 0:00:06]} Rxc1 {[%emt 0:00:02]} 31. Rxc1 {[%emt 0:00:05]} Nd5 {
[%emt 0:00:02]} 32. Qf1 {[%emt 0:00:13]} Ne3 {[%emt 0:00:02]} 33. Qg1 {[%emt 0:
00:07]} Nxg2 {[%emt 0:00:01]} 34. Qxg2 {[%emt 0:00:00]} Bd5 {[%emt 0:00:01]}
35. Rd1 {[%emt 0:00:04]} Bxg2+ {[%emt 0:00:01]} 36. Kxg2 {[%emt 0:00:03]} Rxd1
{[%emt 0:00:00]} 37. Kh3 {[%emt 0:00:01]} Rb1 {[%emt 0:00:02]} 38. Nd4 {[%emt
0:00:02]} Rb2 {[%emt 0:00:02]} 39. a4 {[%emt 0:00:02]} Ra2 {[%emt 0:00:02]} 40.
a5 {[%emt 0:00:01]} Qa7 {[%emt 0:00:05]} 41. Nc6 {[%emt 0:00:01]} Qa6 {[%emt 0:
00:01]} 42. Nb4 {[%emt 0:00:01]} Qxa5 {[%emt 0:00:01]} 43. Nxa2 {[%emt 0:00:01]
} Qxa2 {[%emt 0:00:00]} 44. g4 {[%emt 0:00:01]} Kf7 {[%emt 0:00:02]} 45. Kg3 {
[%emt 0:00:02]} g6 {[%emt 0:00:01]} 46. h3 {[%emt 0:00:01]} Qb3+ {[%emt 0:00:
01]} 47. Kh4 {[%emt 0:00:01]} Qe3 {[%emt 0:00:04]} 48. e6+ {[%emt 0:00:05]}
Qxe6 {[%emt 0:00:02]} 49. g5 {[%emt 0:00:01]} hxg5+ {[%emt 0:00:01]} 50. fxg5 {
[%emt 0:00:00]} Qe4+ {[%emt 0:00:01]} 51. Kg3 {[%emt 0:00:01]} Qf5 {[%emt 0:00:
01]} 52. Kh4 {[%emt 0:00:00]} Qf4# {[%emt 0:00:02]} 0-1

[Event "Villarobledo Online Qualifyer"]
[Site "playchess.com #155672"]
[Date "2009.05.23"]
[Round "4"]
[White "Markus Lammers"]
[Black "Direchess"]
[Result "1-0"]
[WhiteElo "2539"]
[BlackElo "2056"]
[PlyCount "97"]
[EventDate "2009.05.23"]
[EventType "swiss (blitz)"]

1. e4 {[%emt 0:00:01]} c5 {[%emt 0:00:01]} 2. Nf3 {[%emt 0:00:01]} d6 {[%emt 0:
00:01]} 3. c4 {[%emt 0:00:01]} Nc6 {[%emt 0:00:03]} 4. d4 {[%emt 0:00:01]} cxd4
{[%emt 0:00:03]} 5. Nxd4 {[%emt 0:00:00]} Nf6 {[%emt 0:00:01]} 6. Nc3 {[%emt 0:
00:01]} g6 {[%emt 0:00:01]} 7. Be2 {[%emt 0:00:01]} Bg7 {[%emt 0:00:01]} 8. Be3
{[%emt 0:00:00]} O-O {[%emt 0:00:01]} 9. O-O {[%emt 0:00:01]} Bd7 {[%emt 0:00:
03]} 10. Qd2 {[%emt 0:00:01]} Qc7 {[%emt 0:00:01]} 11. Rac1 {[%emt 0:00:02]} a6
{[%emt 0:00:04]} 12. Rfd1 {[%emt 0:00:15]} Ne5 {[%emt 0:00:03]} 13. b3 {[%emt
0:00:05]} Neg4 {[%emt 0:00:08]} 14. Nd5 {[%emt 0:00:21]} Qd8 {[%emt 0:00:09]}
15. Nxf6+ {[%emt 0:00:14]} Nxf6 {[%emt 0:00:02]} 16. f3 {[%emt 0:00:07]} Rc8 {
[%emt 0:00:05]} 17. Bf1 {[%emt 0:00:06]} Ne8 {[%emt 0:00:13]} 18. Ne2 {[%emt 0:
00:07]} Nc7 {[%emt 0:00:05]} 19. Bb6 {[%emt 0:00:10]} Qe8 {[%emt 0:00:03]} 20.
c5 {[%emt 0:00:02]} Na8 {[%emt 0:00:12]} 21. Ba5 {[%emt 0:00:06]} Bb5 {[%emt 0:
00:19]} 22. cxd6 {[%emt 0:00:07]} Rxc1 {[%emt 0:00:03]} 23. Rxc1 {[%emt 0:00:
09]} exd6 {[%emt 0:00:04]} 24. Qxd6 {[%emt 0:00:02]} Qe5 {[%emt 0:00:17]} 25.
Qxe5 {[%emt 0:00:08]} Bxe5 {[%emt 0:00:00]} 26. g3 {[%emt 0:00:15]} b6 {[%emt
0:00:10]} 27. Bb4 {[%emt 0:00:02]} a5 {[%emt 0:00:04]} 28. Bxf8 {[%emt 0:00:02]
} Kxf8 {[%emt 0:00:01]} 29. Rc8+ {[%emt 0:00:02]} Kg7 {[%emt 0:00:03]} 30. Rxa8
{[%emt 0:00:01]} h5 {[%emt 0:00:16]} 31. f4 {[%emt 0:00:05]} Bd6 {[%emt 0:00:
03]} 32. Nd4 {[%emt 0:00:10]} Bc5 {[%emt 0:00:08]} 33. Bxb5 {[%emt 0:00:02]}
Bxd4+ {[%emt 0:00:01]} 34. Kg2 {[%emt 0:00:00]} f6 {[%emt 0:00:17]} 35. Kf3 {
[%emt 0:00:02]} Kf7 {[%emt 0:00:08]} 36. e5 {[%emt 0:00:03]} fxe5 {[%emt 0:00:
09]} 37. Ke4 {[%emt 0:00:01]} Bc5 {[%emt 0:00:08]} 38. fxe5 {[%emt 0:00:02]}
Bg1 {[%emt 0:00:12]} 39. Ra7+ {[%emt 0:00:01]} Kf8 {[%emt 0:00:06]} 40. e6 {
[%emt 0:00:01]} Bc5 {[%emt 0:00:04]} 41. Rf7+ {[%emt 0:00:02]} Kg8 {[%emt 0:00:
03]} 42. Bc4 {[%emt 0:00:00]} g5 {[%emt 0:00:08]} 43. Kf5 {[%emt 0:00:01]} g4 {
[%emt 0:00:05]} 44. Kg6 {[%emt 0:00:02]} h4 {[%emt 0:00:04]} 45. e7 {[%emt 0:
00:06]} Bxe7 {[%emt 0:00:05]} 46. Rxe7+ {[%emt 0:00:04]} Kf8 {[%emt 0:00:00]}
47. Kf6 {[%emt 0:00:05]} h3 {[%emt 0:00:03]} 48. Bf7 {[%emt 0:00:02]} b5 {
[%emt 0:00:04]} 49. Re8# {[%emt 0:00:01]} 1-0

[Event "Villarobledo Online Qualifyer"]
[Site "playchess.com #155672"]
[Date "2009.05.23"]
[Round "4"]
[White "Molina"]
[Black "Dominguez"]
[Result "0-1"]
[WhiteElo "1558"]
[BlackElo "2154"]
[PlyCount "120"]
[EventDate "2009.05.23"]
[EventType "swiss (blitz)"]

1. d4 {[%emt 0:00:01]} Nf6 {[%emt 0:00:02]} 2. c4 {[%emt 0:00:01]} g6 {[%emt 0:
00:02]} 3. Nc3 {[%emt 0:00:01]} d5 {[%emt 0:00:01]} 4. Bd2 {[%emt 0:00:03]} Bg7
{[%emt 0:00:02]} 5. cxd5 {[%emt 0:00:01]} Nxd5 {[%emt 0:00:02]} 6. e4 {[%emt 0:
00:00]} Nxc3 {[%emt 0:00:01]} 7. Bxc3 {[%emt 0:00:01]} O-O {[%emt 0:00:01]} 8.
Nf3 {[%emt 0:00:01]} Bg4 {[%emt 0:00:02]} 9. Be2 {[%emt 0:00:02]} c5 {[%emt 0:
00:03]} 10. d5 {[%emt 0:00:02]} Bxc3+ {[%emt 0:00:09]} 11. bxc3 {[%emt 0:00:01]
} e6 {[%emt 0:00:02]} 12. d6 {[%emt 0:00:07]} Nc6 {[%emt 0:00:06]} 13. O-O {
[%emt 0:00:01]} Qd7 {[%emt 0:00:05]} 14. h3 {[%emt 0:00:02]} Bxf3 {[%emt 0:00:
01]} 15. Bxf3 {[%emt 0:00:01]} Rad8 {[%emt 0:00:01]} 16. Qb3 {[%emt 0:00:14]}
Na5 {[%emt 0:00:03]} 17. Qa3 {[%emt 0:00:04]} b6 {[%emt 0:00:03]} 18. Rad1 {
[%emt 0:00:03]} Nc4 {[%emt 0:00:11]} 19. Qa6 {[%emt 0:00:28]} Ne5 {[%emt 0:00:
07]} 20. Be2 {[%emt 0:00:16]} Qc6 {[%emt 0:00:03]} 21. f4 {[%emt 0:00:10]} Qxe4
{[%emt 0:00:02]} 22. fxe5 {[%emt 0:00:02]} Qe3+ {[%emt 0:00:05]} 23. Kh1 {
[%emt 0:00:02]} Qxe5 {[%emt 0:00:01]} 24. Qxa7 {[%emt 0:00:03]} Qxe2 {[%emt 0:
00:03]} 25. Qxb6 {[%emt 0:00:04]} Qe5 {[%emt 0:00:04]} 26. Rfe1 {[%emt 0:00:04]
} Qxc3 {[%emt 0:00:03]} 27. Rc1 {[%emt 0:00:06]} Qg3 {[%emt 0:00:08]} 28. Qxc5
{[%emt 0:00:08]} Qxd6 {[%emt 0:00:02]} 29. Qxd6 {[%emt 0:00:04]} Rxd6 {[%emt 0:
00:01]} 30. a4 {[%emt 0:00:00]} Ra8 {[%emt 0:00:03]} 31. Ra1 {[%emt 0:00:01]}
Ra5 {[%emt 0:00:02]} 32. Re4 {[%emt 0:00:03]} f5 {[%emt 0:00:07]} 33. Rb4 {
[%emt 0:00:02]} Kg7 {[%emt 0:00:04]} 34. Kg1 {[%emt 0:00:01]} h5 {[%emt 0:00:
02]} 35. Rb5 {[%emt 0:00:01]} Rda6 {[%emt 0:00:04]} 36. Rxa5 {[%emt 0:00:03]}
Rxa5 {[%emt 0:00:01]} 37. Kf2 {[%emt 0:00:00]} Kf6 {[%emt 0:00:01]} 38. Kf3 {
[%emt 0:00:02]} g5 {[%emt 0:00:04]} 39. Ra3 {[%emt 0:00:02]} e5 {[%emt 0:00:01]
} 40. g3 {[%emt 0:00:01]} g4+ {[%emt 0:00:01]} 41. hxg4 {[%emt 0:00:01]} hxg4+
{[%emt 0:00:01]} 42. Kf2 {[%emt 0:00:01]} f4 {[%emt 0:00:02]} 43. Kg2 {[%emt 0:
00:10]} f3+ {[%emt 0:00:02]} 44. Kf2 {[%emt 0:00:01]} Ke6 {[%emt 0:00:03]} 45.
Ke3 {[%emt 0:00:01]} Kf5 {[%emt 0:00:03]} 46. Ra2 {[%emt 0:00:05]} Ke6 {[%emt
0:00:04]} 47. Ke4 {[%emt 0:00:04]} Kd6 {[%emt 0:00:01]} 48. Kf5 {[%emt 0:00:04]
} Kd5 {[%emt 0:00:01]} 49. Kxg4 {[%emt 0:00:01]} e4 {[%emt 0:00:01]} 50. Kf4 {
[%emt 0:00:01]} Kd4 {[%emt 0:00:09]} 51. g4 {[%emt 0:00:01]} Kd3 {[%emt 0:00:
08]} 52. g5 {[%emt 0:00:03]} f2 {[%emt 0:00:24]} 53. Rxf2 {[%emt 0:00:07]} Rxa4
{[%emt 0:00:01]} 54. Rg2 {[%emt 0:00:06]} e3+ {[%emt 0:00:01]} 55. Kf3 {[%emt
0:00:03]} Ra7 {[%emt 0:00:08]} 56. g6 {[%emt 0:00:10]} Rg7 {[%emt 0:00:09]} 57.
Rg1 {[%emt 0:00:11]} Ra7 {[%emt 0:00:06]} 58. g7 {[%emt 0:00:04]} Rf7+ {[%emt
0:00:01]} 59. Kg2 {[%emt 0:00:10]} Rxg7+ {[%emt 0:00:01]} 60. Kf1 {[%emt 0:00:
00]} e2+ {[%emt 0:00:04] Molina rinde} 0-1

[Event "Villarobledo Online Qualifyer"]
[Site "playchess.com #155672"]
[Date "2009.05.23"]
[Round "4"]
[White "Dellacasa"]
[Black "Edwinkyky77"]
[Result "0-1"]
[WhiteElo "1386"]
[BlackElo "1787"]
[PlyCount "68"]
[EventDate "2009.05.23"]
[EventType "swiss (blitz)"]

1. d4 {[%emt 0:00:01]} Nf6 {[%emt 0:00:02]} 2. c4 {[%emt 0:00:02]} e6 {[%emt 0:
00:01]} 3. Bg5 {[%emt 0:00:02]} h6 {[%emt 0:00:03]} 4. Bh4 {[%emt 0:00:02]} Be7
{[%emt 0:00:02]} 5. Nc3 {[%emt 0:00:02]} O-O {[%emt 0:00:01]} 6. e3 {[%emt 0:
00:03]} b6 {[%emt 0:00:03]} 7. Nf3 {[%emt 0:00:03]} Bb7 {[%emt 0:00:01]} 8. Be2
{[%emt 0:00:01]} d6 {[%emt 0:00:12]} 9. O-O {[%emt 0:00:02]} Nbd7 {[%emt 0:00:
01]} 10. b4 {[%emt 0:00:04]} Ne4 {[%emt 0:00:11]} 11. Bxe7 {[%emt 0:00:06]}
Qxe7 {[%emt 0:00:03]} 12. Nxe4 {[%emt 0:00:04]} Bxe4 {[%emt 0:00:01]} 13. Bd3 {
[%emt 0:00:03]} Nf6 {[%emt 0:00:04]} 14. Qc2 {[%emt 0:00:09]} Bxf3 {[%emt 0:00:
15]} 15. gxf3 {[%emt 0:00:02]} e5 {[%emt 0:00:06]} 16. dxe5 {[%emt 0:00:04]}
Qxe5 {[%emt 0:00:02]} 17. e4 {[%emt 0:00:07]} Nh5 {[%emt 0:00:05]} 18. Be2 {
[%emt 0:00:28]} Nf4 {[%emt 0:00:05]} 19. Kh1 {[%emt 0:00:16]} Rae8 {[%emt 0:00:
47]} 20. Rg1 {[%emt 0:00:16]} Re6 {[%emt 0:00:03]} 21. a4 {[%emt 0:00:10]} Rg6
{[%emt 0:00:19]} 22. Rae1 {[%emt 0:00:13]} Qd4 {[%emt 0:00:17]} 23. Rxg6 {
[%emt 0:00:17]} fxg6 {[%emt 0:00:05]} 24. Rf1 {[%emt 0:00:14]} Qe5 {[%emt 0:00:
04]} 25. c5 {[%emt 0:00:14]} Qg5 {[%emt 0:00:16]} 26. Rg1 {[%emt 0:00:07]} Qh4
{[%emt 0:00:03]} 27. cxd6 {[%emt 0:00:09]} cxd6 {[%emt 0:00:04]} 28. Bc4+ {
[%emt 0:00:07]} Kh8 {[%emt 0:00:05]} 29. Qd2 {[%emt 0:00:08]} g5 {[%emt 0:00:
02]} 30. Qxd6 {[%emt 0:00:05]} Re8 {[%emt 0:00:14]} 31. Qd7 {[%emt 0:00:03]}
Ra8 {[%emt 0:00:04]} 32. Bd5 {[%emt 0:00:04]} Qxf2 {[%emt 0:00:07]} 33. Bxa8 {
[%emt 0:00:06]} Qxf3+ {[%emt 0:00:02]} 34. Rg2 {[%emt 0:00:04]} Qxg2# {[%emt 0:
00:01]} 0-1

[Event "Villarobledo Online Qualifyer"]
[Site "playchess.com #155672"]
[Date "2009.05.23"]
[Round "4"]
[White "acepoint"]
[Black "Tojobo"]
[Result "1-0"]
[WhiteElo "1867"]
[BlackElo "1698"]
[PlyCount "87"]
[EventDate "2009.05.23"]
[EventType "swiss (blitz)"]

1. e4 {[%emt 0:00:01]} c5 {[%emt 0:00:01]} 2. Nf3 {[%emt 0:00:01]} Nc6 {[%emt
0:00:03]} 3. d4 {[%emt 0:00:01]} cxd4 {[%emt 0:00:01]} 4. Nxd4 {[%emt 0:00:01]}
e5 {[%emt 0:00:01]} 5. Nb5 {[%emt 0:00:01]} d6 {[%emt 0:00:01]} 6. N1c3 {[%emt
0:00:02]} a6 {[%emt 0:00:01]} 7. Na3 {[%emt 0:00:01]} b5 {[%emt 0:00:01]} 8.
Nd5 {[%emt 0:00:02]} Nf6 {[%emt 0:00:01]} 9. Bg5 {[%emt 0:00:01]} Be7 {[%emt 0:
00:01]} 10. Bxf6 {[%emt 0:00:04]} Bxf6 {[%emt 0:00:01]} 11. c3 {[%emt 0:00:01]}
O-O {[%emt 0:00:02]} 12. Nc2 {[%emt 0:00:02]} Bg5 {[%emt 0:00:01]} 13. a4 {
[%emt 0:00:03]} bxa4 {[%emt 0:00:04]} 14. Rxa4 {[%emt 0:00:01]} a5 {[%emt 0:00:
01]} 15. Bc4 {[%emt 0:00:03]} Rb8 {[%emt 0:00:02]} 16. b3 {[%emt 0:00:02]} Kh8
{[%emt 0:00:01]} 17. Nce3 {[%emt 0:00:04]} f5 {[%emt 0:00:05]} 18. exf5 {[%emt
0:00:32]} Bxf5 {[%emt 0:00:02]} 19. h4 {[%emt 0:00:12]} Bh6 {[%emt 0:00:04]}
20. Nxf5 {[%emt 0:00:24]} Rxf5 {[%emt 0:00:02]} 21. g4 {[%emt 0:00:02]} Qf8 {
[%emt 0:00:34]} 22. gxf5 {[%emt 0:00:05]} Qxf5 {[%emt 0:00:01]} 23. Qd3 {[%emt
0:00:08]} e4 {[%emt 0:00:17]} 24. Qh3 {[%emt 0:00:03]} Qe5 {[%emt 0:00:21]} 25.
Qg3 {[%emt 0:00:04]} Qf5 {[%emt 0:00:22]} 26. O-O {[%emt 0:00:03]} Rf8 {[%emt
0:00:05]} 27. Ne3 {[%emt 0:00:06]} Qc5 {[%emt 0:00:07]} 28. Qg4 {[%emt 0:00:19]
} Ne5 {[%emt 0:00:05]} 29. Qxe4 {[%emt 0:00:02]} Nf3+ {[%emt 0:00:05]} 30. Kg2
{[%emt 0:00:03]} Qh5 {[%emt 0:00:27]} 31. Qg4 {[%emt 0:00:04]} Nxh4+ {[%emt 0:
00:07]} 32. Kh1 {[%emt 0:00:03]} Qc5 {[%emt 0:00:34]} 33. Qxh4 {[%emt 0:00:15]}
Bg5 {[%emt 0:00:24]} 34. Qd4 {[%emt 0:00:04]} Qc6+ {[%emt 0:00:03]} 35. Bd5 {
[%emt 0:00:08] .} Qd7 {[%emt 0:00:01]} 36. Bg2 {[%emt 0:00:05]} Bf6 {[%emt 0:
00:03]} 37. Qg4 {[%emt 0:00:07]} Qc6 {[%emt 0:00:02]} 38. Bxc6 {[%emt 0:00:03]}
Bxc3 {[%emt 0:00:02]} 39. Nf5 {[%emt 0:00:04]} g6 {[%emt 0:00:02]} 40. Nxd6 {
[%emt 0:00:02]} Bb4 {[%emt 0:00:04]} 41. Qe6 {[%emt 0:00:05]} Rf5 {[%emt 0:00:
05]} 42. Nxf5 {[%emt 0:00:02]} gxf5 {[%emt 0:00:02]} 43. Bd5 {[%emt 0:00:03]}
Kg7 {[%emt 0:00:02]} 44. Rg1+ {[%emt 0:00:03] ' Zeit} 1-0

[Event "Villarobledo Online Qualifyer"]
[Site "playchess.com #155672"]
[Date "2009.05.23"]
[Round "4"]
[White "MateJaque"]
[Black "Àíòîíîâ"]
[Result "1/2-1/2"]
[WhiteElo "2187"]
[BlackElo "1858"]
[PlyCount "89"]
[EventDate "2009.05.23"]
[EventType "swiss (blitz)"]

1. e4 {[%emt 0:00:03]} Nf6 {[%emt 0:00:02]} 2. e5 {[%emt 0:00:02]} Nd5 {[%emt
0:00:01]} 3. c4 {[%emt 0:00:01]} Nb6 {[%emt 0:00:01]} 4. c5 {[%emt 0:00:01]}
Nd5 {[%emt 0:00:01]} 5. Nc3 {[%emt 0:00:01]} c6 {[%emt 0:00:01]} 6. Bc4 {[%emt
0:00:07]} e6 {[%emt 0:00:01]} 7. d4 {[%emt 0:00:11]} b6 {[%emt 0:00:01]} 8. Ne4
{[%emt 0:00:09]} bxc5 {[%emt 0:00:02]} 9. dxc5 {[%emt 0:00:04]} Be7 {[%emt 0:
00:28]} 10. Nf3 {[%emt 0:00:05]} O-O {[%emt 0:00:05]} 11. O-O {[%emt 0:00:02]}
f6 {[%emt 0:00:02]} 12. exf6 {[%emt 0:00:27]} Bxf6 {[%emt 0:00:09]} 13. Nxf6+ {
[%emt 0:00:01]} Qxf6 {[%emt 0:00:01]} 14. Qc2 {[%emt 0:00:16]} Na6 {[%emt 0:00:
26]} 15. Bxd5 {[%emt 0:00:03]} cxd5 {[%emt 0:00:03]} 16. Bg5 {[%emt 0:00:04]}
Qf5 {[%emt 0:00:07]} 17. Qxf5 {[%emt 0:00:02]} Rxf5 {[%emt 0:00:02]} 18. Be7 {
[%emt 0:00:12]} Nb8 {[%emt 0:00:08]} 19. Bd6 {[%emt 0:00:21]} Nc6 {[%emt 0:00:
01]} 20. a3 {[%emt 0:00:06]} Ba6 {[%emt 0:00:06]} 21. Rfe1 {[%emt 0:00:01]} h6
{[%emt 0:00:11]} 22. b4 {[%emt 0:00:05]} g5 {[%emt 0:00:10]} 23. Ne5 {[%emt 0:
00:16]} Nxe5 {[%emt 0:00:17]} 24. Rxe5 {[%emt 0:00:01]} Rxe5 {[%emt 0:00:10]}
25. Bxe5 {[%emt 0:00:01]} Bc4 {[%emt 0:00:14]} 26. g3 {[%emt 0:00:13]} a5 {
[%emt 0:00:20]} 27. f4 {[%emt 0:00:32]} axb4 {[%emt 0:00:11]} 28. axb4 {[%emt
0:00:01]} Rxa1+ {[%emt 0:00:01]} 29. Bxa1 {[%emt 0:00:01]} Kf7 {[%emt 0:00:12]}
30. Kf2 {[%emt 0:00:06]} Kg6 {[%emt 0:00:01]} 31. Ke3 {[%emt 0:00:01]} Kf5 {
[%emt 0:00:03]} 32. Be5 {[%emt 0:00:02]} g4 {[%emt 0:00:05]} 33. Kd4 {[%emt 0:
00:05]} h5 {[%emt 0:00:03]} 34. Bd6 {[%emt 0:00:08]} Bb5 {[%emt 0:00:05]} 35.
Be7 {[%emt 0:00:00]} Bc4 {[%emt 0:00:02]} 36. Bd8 {[%emt 0:00:00]} Bb5 {[%emt
0:00:02]} 37. Bb6 {[%emt 0:00:00]} Bc4 {[%emt 0:00:01]} 38. Ba7 {[%emt 0:00:00]
} Bb5 {[%emt 0:00:01]} 39. Bb8 {[%emt 0:00:00]} Bc4 {[%emt 0:00:02]} 40. Bc7 {
[%emt 0:00:00]} Bb5 {[%emt 0:00:01]} 41. Bd8 {[%emt 0:00:00]} Bc4 {[%emt 0:00:
01]} 42. Bh4 {[%emt 0:00:02]} Bb5 {[%emt 0:00:01]} 43. Bg5 {[%emt 0:00:00]} Bc4
{[%emt 0:00:01]} 44. Bh6 {[%emt 0:00:01]} Bb5 {[%emt 0:00:01]} 45. Bg7 {[%emt
0:00:01] Àíòîíîâ offers a draw} 1/2-1/2